| 000 | 00506nam a2200205Ia 4500 | ||
|---|---|---|---|
| 003 | GCL | ||
| 008 | 140319s9999 xx 000 0 eng d | ||
| 040 |
_aGCL / _cGCL |
||
| 082 | 0 | 4 |
_a745.4 _bG A |
| 100 | 1 | _aGRASSET, EUGENE | |
| 245 | 1 | 0 |
_aART NOUVEAU: FLORAL DESIGNS / _cGRASSET, EUGENE |
| 260 |
_a[S.N] : _bBRACKEN, BOOKS ، _c1988 |
||
| 650 | 0 | 4 | _aARTS |
| 650 | 0 | 4 | _aDESIGN |
| 650 | 0 | 4 | _aDECORATION |
| 650 | 0 | 4 | _aART, FLOWERS |
| 650 | 0 | 4 | _aFLOWERS - ART |
| 650 | 0 | 4 | _aHANDWORKS |
| 942 |
_2ddc _cBK |
||
| 999 |
_c21115 _d21115 |
||